| 000 | 00935nam a2200265 i 4500 | ||
|---|---|---|---|
| 001 | 183880 | ||
| 003 | ES-MaACL | ||
| 005 | 20231110173018.0 | ||
| 008 | 141104s2013 pe abd | |||||||| | spa d | ||
| 020 | _a978-84-393-9085-5 | ||
| 080 | _a556.53(85) | ||
| 080 | _a551.581(85) | ||
| 100 | 1 |
_aReparaz, Gonzalo de, _d1901-1984 _9155843 |
|
| 245 | 1 | 4 |
_aLos ríos de la zona árida peruana / _cGonzalo de Reparaz ; edición del trabajo de investigación terminado el año 1966. |
| 250 | _a1ª ed. | ||
| 260 |
_aPiura (Perú) : _bUniversidad de Piura ; _aBarcelona : _bICC, _c2013. |
||
| 300 |
_a352 p. : _bil. col. y n., gráf., mapas ; _c24 cm. |
||
| 500 | _aÍndices. | ||
| 504 | _aBibliografía: p. 350-352. | ||
| 650 | 7 |
_aRíos- _zPerú. _9155838 |
|
| 650 | 7 |
_aRegiones áridas- _zPerú. _9155840 |
|
| 852 |
_aES-MaACL _jA-13293 _9190838 _bR.150117 _cDEPO1 _dOlim: N-6293 |
||
| 942 |
_2udc _cMONOGRAFIA |
||
| 999 |
_c183880 _d183880 |
||